00736 2200169 4500245003800000020002200038250001100060100001900071700001900090005001900109260003800128041001400166084000800180300002900188500034000217336000900557 aAnimal FarmcOrwell, GeorgehText a978-602-291-070-1 aCet. 2 aOrwell, George aBakdi Soemanto a20231011094208 aYogyakartabPenerit Bentangc2015 aIndonesia a823 aiv, 144 hlm. :c20.5 cm. aSuatu malam, Major, si babi tua yang bijaksana, mengumpulka para binatang di peternakan untuk bercerita tentang. Setelah sekian lama hidup dibawah tirani manusia, Major mendapat visi bahwa kelak sebuah pemberontakan akan dilakukan binatang terhadap manusia, menciptakan sebuah dunia dimana binatang akan berkuasa atas dirinya sendiri. atext